000
00253nam a2200097Ia 4500
001
808631
005
20250826171253.0
008
250824s9999 xx 000 0 und d
245
0
_a
TÜRKİYEDE ÖRTÜLÜ SAVAŞ
_c
ZEKERİYA BEYAZ
260
_b
DESTEK YAYINLARI
999
_c
808631
_d
808631